| 000 | 00823nam a22002657a 4500 | ||
|---|---|---|---|
| 003 | PE SENCICO BE | ||
| 005 | 20251020182633.0 | ||
| 008 | 230314b |||||||| |||| 00| 0 eng d | ||
| 020 | _a978-84-9936-040-9 | ||
| 040 |
_aPE SENCICO BE _cPE SENCICO BE |
||
| 041 | _aspa | ||
| 082 |
_a747 _bZ34D |
||
| 100 | 1 |
_9396 _aZamora Mola, Francesc _eautor |
|
| 245 | 1 |
_aDecorar con plantas / _cFrancesc Zamora Mola |
|
| 250 | _a[1a ed.] | ||
| 260 |
_aBarcelona : _bBooq Publishing, _c2018 |
||
| 300 |
_a333 p. : _bil. col., lams., _c29 cm. |
||
| 650 | 1 | 4 |
_944 _aDiseño de interiores |
| 650 | 2 | 4 |
_925 _aDecoración de interiores |
| 650 | 2 | 4 |
_9769 _aPlantas |
| 650 | 2 | 4 |
_9806 _aArquitectura ecológica |
| 650 | 2 | 4 |
_9370 _aArquitectura de viviendas |
| 910 |
_bhfp _chfp |
||
| 942 |
_2ddc _cLIB _h747 _iZ34 |
||
| 999 |
_c4062 _d4062 |
||